| 000 | 00505nam a22001817a 4500 | ||
|---|---|---|---|
| 999 |
_c3812 _d3812 |
||
| 003 | OSt | ||
| 005 | 20241030174338.0 | ||
| 008 | 241030b ||||| |||| 00| 0 eng d | ||
| 020 | _a9780230402218 | ||
| 040 | _cKH8 | ||
| 082 | _a400 SHA | ||
| 100 |
_aShakespeare, William, _eauthor. |
||
| 245 |
_aMacbeth / _cWilliam Shakespeare. |
||
| 260 |
_aOxford : _bMacmillan , _c2010. |
||
| 300 |
_a117 pages : _billustrations ; _c20 cm. |
||
| 650 | _aMacbeth, King of Scotland, active 11th century | ||
| 942 |
_2ddc _cTR |
||